01377nam a22003014a 4500001000400000003000800004005001700012008004100029020001800070040000800088041001300096082001500109100002900124240003900153245004300192260004300235300001300278520047300291650002900764650002600793650002800819650003600847655002100883655002000904942001500924952012300939999001301062509BR-RjBN20260520081508.0180322s2018 rj 000 f por d a9788551003053 bpor1 aporheng a813bA333c aAlbertalli, Becky.9109210aSimon vs. the Homo Sapiens Agenda.10aCom amor, Simonb /cBecky Albertalli. aRio de Janeiro :bIntrínseca,c2018. a272 p. ; aEncantadora história de amor que questiona os padrões sociais, a obra acompanha Simon Spier, um adolescente de dezesseis anos que é gay, mas ainda não revelou sua orientação sexual para a família e os amigos. Enquanto troca e-mails com um garoto misterioso conhecido como Blue, Simon precisa lidar com dúvidas, inseguranças e uma chantagem inesperada. Com leveza e humor, o romance aborda identidade, aceitação e amadurecimento na adolescência. 0aLiteratura Americana984 0aAdolescência.91093 0aHomossexualidade.91097 0aRelacionamentos amorosos.91098 0aRomance juvenil. 0aFicção.922 2ddcn0cBK 00102ddc4070aBIBIBbBIBIBd2026-05-20edoaçãol0o813 / A333cp2026-17444r2026-05-20 08:17:07w2026-05-20yBK c509d509